Tartufo (Record no. 75262)

MARC details
000 -LÍDER
campo de controle de tamanho fixo 00325 a2200157 4500
001 - NÚMERO DE CONTROLE
campo de controle 75262
020 ## - ISBN - INTERNATIONAL STANDARD BOOK NUMBER
ISBN - International Standard Book Number 851603139-x
040 ## - FONTE DA CATALOGAÇÃO
Instituição que transcreveu o registro Anchieta - Colégio São Paulo
100 ## - ENTRADA PRINCIPAL--NOME PESSOAL
Nome pessoal Furnari, Eva
240 10 - TÍTULO UNIFORME
Título uniforme Tartufo
Idioma da obra por
245 10 - TÍTULO
Título Tartufo
300 ## - DESCRIÇÃO FÍSICA
Extensão 32
362 0# - DATAS DE PUBLICAÇÃO E/OU DESIGNAÇÃO SEQUENCIAL
Datas de publicação e/ou designação sequencial 2002
650 #4 - ASSUNTO--TERMO TÓPICO
Cabeçalho tópico ou nome geográfico Literatura infantil
942 ## - ELEMENTOS DE ENTRADA ADICIONADOS (KOHA)
Tipo de material Koha Livros
Holdings
Situação do descarte Situação das perdas Situação física Não pode ser emprestado Biblioteca de origem Biblioteca atual Data de aquisição Total de empréstimos Número de chamada completo Código de barras Data de último acesso Data do preço efetivo Tipo de material Koha Fonte da classificação ou esquema de arquivamento na estante Nota pública
        Colégio São Paulo Colégio São Paulo 22/11/2023   LI 028.5 F987t 6643/CSP 22/11/2023 22/11/2023 Livros    
        Novo Tempo - Aureliano São José Novo Tempo - Aureliano São José 10/07/2024     if1089 10/07/2024 10/07/2024 Livros Classificação Decimal de Dewey T